Plant disease epidemiology (Record no. 36448)

MARC details
000 -LEADER
fixed length control field 00343nam a2200133Ia 4500
082 ## - DEWEY DECIMAL CLASSIFICATION NUMBER
Classification number 581.2:632
Item number SCO
100 ## - MAIN ENTRY--AUTHOR NAME
Personal name Brainbridge, A
245 #0 - TITLE STATEMENT
Title Plant disease epidemiology
260 ## - PUBLICATION, DISTRIBUTION, ETC. (IMPRINT)
Place of publication Oxford
Name of publisher Blackwell
Year of publication 1978
650 ## - SUBJECT ADDED ENTRY--TOPICAL TERM
Topical Term Plant disease epidemiology
700 ## - ADDED ENTRY--PERSONAL NAME
Personal name Scott, P R
942 ## - ADDED ENTRY ELEMENTS (KOHA)
Koha item type Books
Holdings
Withdrawn status Lost status Damaged status Not for loan Home library Current library Date acquired Full call number Accession Number Koha item type
        RRII Library RRII Library 16/12/2021 581.2:632 SCO 16854 Books